000 00815nmc a2200313 a 4500
003 AR-BaBNM
005 20251128211356.0
008 104020s1999 ||||||||||||||000 | spa||
020 _a950-23-0880-8
040 _cAR-BaBNM
110 2 _aPrograma UBA XXI
245 1 0 _aEconomía
_bguía de estudio
260 _aBuenos Aires
_bEudeba
_c1999
300 0 _a87 p.
_btablas, gráfs.
490 0 _aUBA XXI
650 4 _aENSENANZA UNIVERSITARIA
650 4 _aFORMACION POR MODULOS
650 4 _aECONOMIA
650 4 _aGUIAS DE ESTUDIOS
650 4 _aCONTABILIDAD NACIONAL
650 4 _aSISTEMAS MONETARIOS
650 4 _aMICROECONOMIA
650 4 _aMACROECONOMIA
653 0 _aEDUCACION SUPERIOR
653 0 _aEDUCACION A DISTANCIA
810 2 _aPrograma UBA XXI
942 _cBK
998 _craquel
999 _c19408
_d19408